00318 a2200109 4500020001500000082001500015100001400030245008100044260003900125300001900164650002500183 a9788178845 a333.91 BAL aBallagh,P aModern Techniques in Watershed Management : its uses and effectscP. Ballagh aNew Delhi :cCyber Tech Pub,b2010 a272p. :c25 cm awatershed management